000 00449nam a2200157Ia 4500
008 220216s9999 xx 000 0 und d
100 _aJain Sharad K
245 0 _aSustainable water management in India considering likely climate and other changes
260 _bCurrent Science
_c2012
300 _a177-188
650 _aClimate change
650 _aImpacts
650 _aSustainable water management
650 _aWater scarcity
942 _cJS
999 _c70084
_d70084